Statistieken voor Waar is de hoofdstad op de landkaart?

Klik hier om de quiz te nemen!

Algemene statistieken

  • Deze quiz is 21 keer genomen
  • De gemiddelde score is 10 van 15

Antwoordstatistieken

VraagAntwoord% Correct
Waar ligt de hoofdstad van Groot-Brittannië?
100%
Waar ligt de hoofdstad van Frankrijk?
100%
Waar is de hoofdstad van de Verenigde Staten?
84%
Waar ligt de hoofdstad van Duitsland?
84%
Waar ligt de hoofdstad van Spanje?
84%
Waar ligt de hoofdstad van Zweden?
84%
Waar ligt de hoofdstad van Turkije?
68%
Waar is de hoofdstad van Egypte?
63%
Waar ligt de hoofdstad van Brazilië?
58%
Waar ligt de hoofdstad van Australië?
58%
Waar is de hoofdstad van China?
53%
Waar is de hoofdstad van Japan?
47%
Waar ligt de hoofdstad van India?
42%
Waar ligt de hoofdstad van Marokko?
37%
Waar ligt de hoofdstad van Canada?
37%

Scoreverdeling

Percentiel versus Aantal Correcte Antwoorden

Procent van Mensen met Elke Score

Uw Scoregeschiedenis

U heeft deze quiz nog niet genomen